Prophets and the prophetic movement / (Record no. 4015)
[ view plain ]
| 000 -LEADER | |
|---|---|
| fixed length control field | 00994aam a2200301 a 4500 |
| 001 - CONTROL NUMBER | |
| control field | 21764463 |
| 003 - CONTROL NUMBER IDENTIFIER | |
| control field | OCoLC |
| 005 - DATE AND TIME OF LATEST TRANSACTION | |
| control field | 20181128103303.0 |
| 008 - FIXED-LENGTH DATA ELEMENTS--GENERAL INFORMATION | |
| fixed length control field | 900227s1990 flu 000 0 eng |
| 010 ## - LIBRARY OF CONGRESS CONTROL NUMBER | |
| LC control number | 90080938 |
| 020 ## - INTERNATIONAL STANDARD BOOK NUMBER | |
| International Standard Book Number | 0939868040 |
| 040 ## - CATALOGING SOURCE | |
| Original cataloging agency | DLC |
| Transcribing agency | DLC |
| Modifying agency | BSC |
| 082 ## - DEWEY DECIMAL CLASSIFICATION NUMBER | |
| Classification number | 231.74 |
| Item number | S534P |
| 092 ## - LOCALLY ASSIGNED DEWEY CALL NUMBER (OCLC) | |
| Classification number | 231.745 |
| Item number | H228p |
| 100 1# - MAIN ENTRY--PERSONAL NAME | |
| Personal name | Hamon, Bill. |
| 245 10 - TITLE STATEMENT | |
| Title | Prophets and the prophetic movement / |
| Statement of responsibility, etc. | by Bill Hamon ; forword by Gary Greenwald ; edited by Paul Thigpen. |
| 246 33 - VARYING FORM OF TITLE | |
| Title proper/short title | Prophetic movement. |
| 260 ## - PUBLICATION, DISTRIBUTION, ETC. | |
| Place of publication, distribution, etc. | Point Washington, FL : |
| Name of publisher, distributor, etc. | Christian International ; |
| Place of publication, distribution, etc. | Shippensburg, PA : |
| Name of publisher, distributor, etc. | Destiny Image, |
| Date of publication, distribution, etc. | c1990. |
| 300 ## - PHYSICAL DESCRIPTION | |
| Extent | xiii, 227 p. ; |
| Dimensions | 21 cm. |
| 490 1# - SERIES STATEMENT | |
| Series statement | Prophets ; |
| Volume/sequential designation | 2 |
| 500 ## - GENERAL NOTE | |
| General note | Title on t.p. verso: The prophetic movement. |
| 500 ## - GENERAL NOTE | |
| General note | Subtitle on cover: God's prophetic move today. |
| 650 #0 - SUBJECT ADDED ENTRY--TOPICAL TERM | |
| Topical term or geographic name entry element | Prophecy |
| General subdivision | Christianity. |
| 650 #0 - SUBJECT ADDED ENTRY--TOPICAL TERM | |
| Topical term or geographic name entry element | Pentecostalism. |
| 700 1# - ADDED ENTRY--PERSONAL NAME | |
| Personal name | Thigpen, Thomas Paul, |
| Dates associated with a name | 1954- |
| 800 1# - SERIES ADDED ENTRY--PERSONAL NAME | |
| Personal name | Hamon, Bill. |
| Title of a work | Prophets ; |
| Volume/sequential designation | 2. |
| 942 ## - ADDED ENTRY ELEMENTS (KOHA) | |
| Source of classification or shelving scheme | Dewey Decimal Classification |
| Koha item type | Books |
No items available.
